| 000 | 00845nam a2200325 a 4500 | ||
|---|---|---|---|
| 003 | AR-BaBNM | ||
| 005 | 20251128210057.0 | ||
| 008 | 082120s2002 ||||||||||||||000 | spa|| | ||
| 020 | _a84-7432-222-7 | ||
| 040 | _cAR-BaBNM | ||
| 100 | 1 | _aLe Goff, Jacques | |
| 245 | 0 | 0 | _aLo maravilloso y lo cotidiano en el occidente medieval |
| 260 |
_aBarcelona _bGedisa _c1996 |
||
| 300 | _a187 p. | ||
| 490 | 0 | _aHombre y sociedad. Cla.De.Ma. | |
| 650 | 4 | _aEDAD MEDIA | |
| 650 | 4 | _aCOSTUMBRES Y TRADICIONES | |
| 650 | 4 | _aFEUDALISMO | |
| 650 | 4 | _aCRISTIANISMO | |
| 650 | 4 | _aESTADO | |
| 650 | 4 | _aIGLESIA | |
| 650 | 4 | _aHISTORIA CULTURAL | |
| 650 | 4 | _aSOCIEDAD | |
| 650 | 4 | _aANTROPOLOGIA | |
| 650 | 4 | _aESTILOS DE VIDA | |
| 650 | 4 | _aANTROPOLOGIA CULTURAL Y SOCIAL | |
| 653 | _aLITERATURA FANTASTICA | ||
| 942 | _cBK | ||
| 998 | _cMariana | ||
| 999 |
_c13941 _d13941 |
||